banner koha

Environmental effects on birth and weaning weights of Gyr and Guzera cattle in the northeast of Brazil (Registro n. 171690)

MARC details
000 -LÍDER
campo de controle de tamanho fixo 00882nas a2200301 4500
001 - NÚMERO DE CONTROLE
campo de controle BR0204371
003 - IDENTIFICADOR DO NÚMERO DE CONTROLE
campo de controle BR-BrBNA
005 - DATA E HORÁRIO DA ÚLTIMA TRANSAÇÃO
campo de controle 20231205103219.0
007 - CAMPO FIXO DE DESCRIÇÃO FÍSICA--INFORMAÇÃO GERAL
campo de controle de tamanho fixo ta
008 - CAMPO DE DADOS FIXOS--INFORMAÇÃO GERAL
campo de controle de tamanho fixo 230509b bl.|||p| |||| 00| 00por d
040 ## - FONTE DA CATALOGAÇÃO
Instituição da catalogação original BR-BrBNA
Idioma da catalogação por
Instituição que transcreveu o registro Biblioteca Nacional de Agricultura
041 ## - CÓDIGO DE IDIOMA
Código do idioma do texto/trilha sonora ou título diferente (En)
072 ## - CÓDIGO DE CATEGORIA DE ASSUNTO
Código de Categoria de Assunto L10
100 1# - ENTRADA PRINCIPAL--NOME PESSOAL
Nome pessoal Biffani, S.
100 1# - ENTRADA PRINCIPAL--NOME PESSOAL
Nome pessoal Bozzi, R.
100 1# - ENTRADA PRINCIPAL--NOME PESSOAL
Nome pessoal Martins Filho, R.
100 1# - ENTRADA PRINCIPAL--NOME PESSOAL
Nome pessoal Giorgetti, A.
100 1# - ENTRADA PRINCIPAL--NOME PESSOAL
Nome pessoal Lôbo, R.N.B.
245 1# - TÍTULO
Título Environmental effects on birth and weaning weights of Gyr and Guzera cattle in the northeast of Brazil
650 ## - ASSUNTO--TERMO TÓPICO
Cabeçalho tópico ou nome geográfico GADO ZEBU
650 ## - ASSUNTO--TERMO TÓPICO
Cabeçalho tópico ou nome geográfico GADO DE CORTE
650 ## - ASSUNTO--TERMO TÓPICO
Cabeçalho tópico ou nome geográfico PESO AO NASCER
650 ## - ASSUNTO--TERMO TÓPICO
Cabeçalho tópico ou nome geográfico DESMAMA
650 ## - ASSUNTO--TERMO TÓPICO
Cabeçalho tópico ou nome geográfico NORDESTE
773 0# - ENTRADA ANALÍTICA
Título Ciência Agronômica (Brazil)
ISSN - International Standard Serial Number ISSN 0045-6888
Partes relacionadas (2000), v. 31(1-2) p. 65-74
Número de controle do registro BR0204371
909 ## -
-- 202311
-- Lúcia
-- 55
-- Lúcia Elande
942 ## - ELEMENTOS DE ENTRADA ADICIONADOS (KOHA)
Fonte da classificação ou esquema de arquivamento na estante Classificação AGRIS
Ocultar no OPAC Não
Tipo de material Koha Analítica
Exemplares
Situação do descarte Fonte da classificação ou esquema de arquivamento na estante Situação física Não pode ser emprestado Biblioteca de origem Biblioteca atual Localização na estante Enumeração do periódico / cronologia Total de empréstimos Data de último acesso Número do exemplar Tipo de material Koha Fonte de aquisição
  Classificação AGRIS   Consulta local Biblioteca Nacional de Agricultura - Binagri Biblioteca Nacional de Agricultura - Binagri   (2000), v. 31(1-2) p. 65-74   29/11/2023 01 Periódicos Portaria Interministerial nº 164/94

BINAGRI

Telefone: (61)3218-2567/2388/3357/2097 - binagri@agro.gov.br

Ministério da Agricultura e Pecuária , Esplanada dos Ministérios, Bloco D, Anexo B, Brasília/DF, CEP: 70.043-900